<?xml version="1.0" encoding="UTF-8"?><?xml-stylesheet type="text/xsl" href="static/style.xsl"?><OAI-PMH xmlns="http://www.openarchives.org/OAI/2.0/" xmlns:xsi="http://www.w3.org/2001/XMLSchema-instance" xsi:schemaLocation="http://www.openarchives.org/OAI/2.0/ http://www.openarchives.org/OAI/2.0/OAI-PMH.xsd"><responseDate>2026-04-13T15:22:10Z</responseDate><request verb="GetRecord" identifier="oai:www.recercat.cat:11351/13539" metadataPrefix="marc">https://recercat.cat/oai/request</request><GetRecord><record><header><identifier>oai:recercat.cat:11351/13539</identifier><datestamp>2025-10-24T10:40:15Z</datestamp><setSpec>com_2072_378070</setSpec><setSpec>com_2072_378040</setSpec><setSpec>col_2072_378092</setSpec></header><metadata><record xmlns="http://www.loc.gov/MARC21/slim" xmlns:dcterms="http://purl.org/dc/terms/" xmlns:xsi="http://www.w3.org/2001/XMLSchema-instance" xmlns:doc="http://www.lyncode.com/xoai" xsi:schemaLocation="http://www.loc.gov/MARC21/slim http://www.loc.gov/standards/marcxml/schema/MARC21slim.xsd">
   <leader>00925njm 22002777a 4500</leader>
   <datafield ind2=" " ind1=" " tag="042">
      <subfield code="a">dc</subfield>
   </datafield>
   <datafield ind2=" " ind1=" " tag="720">
      <subfield code="a">Fabado-Tortajada, Paula</subfield>
      <subfield code="e">author</subfield>
   </datafield>
   <datafield ind2=" " ind1=" " tag="720">
      <subfield code="a">González-Morgado, Diego</subfield>
      <subfield code="e">author</subfield>
   </datafield>
   <datafield ind2=" " ind1=" " tag="720">
      <subfield code="a">Nomdedeu Sancho, Josep</subfield>
      <subfield code="e">author</subfield>
   </datafield>
   <datafield ind2=" " ind1=" " tag="720">
      <subfield code="a">Teixidor Serra, Jordi</subfield>
      <subfield code="e">author</subfield>
   </datafield>
   <datafield ind2=" " ind1=" " tag="720">
      <subfield code="a">Tomás-Hernández, Jordi</subfield>
      <subfield code="e">author</subfield>
   </datafield>
   <datafield ind2=" " ind1=" " tag="720">
      <subfield code="a">Joshi Jubert, Nayana</subfield>
      <subfield code="e">author</subfield>
   </datafield>
   <datafield ind2=" " ind1=" " tag="720">
      <subfield code="a">Minguell-Monyart, Joan</subfield>
      <subfield code="e">author</subfield>
   </datafield>
   <datafield ind2=" " ind1=" " tag="720">
      <subfield code="a">Andrés Peiró, José Vicente</subfield>
      <subfield code="e">author</subfield>
   </datafield>
   <datafield ind2=" " ind1=" " tag="260">
      <subfield code="c">2025-08-19T10:13:32Z</subfield>
   </datafield>
   <datafield ind2=" " ind1=" " tag="260">
      <subfield code="c">2025-08-19T10:13:32Z</subfield>
   </datafield>
   <datafield ind2=" " ind1=" " tag="260">
      <subfield code="c">2025-05-27</subfield>
   </datafield>
   <datafield ind2=" " ind1=" " tag="520">
      <subfield code="a">External fixation; Femur fracture; Intramedullary nailing</subfield>
   </datafield>
   <datafield ind2=" " ind1=" " tag="520">
      <subfield code="a">Fixació externa; Fractura de fèmur; Enclavament intramedul·lar</subfield>
   </datafield>
   <datafield ind2=" " ind1=" " tag="520">
      <subfield code="a">Fijación externa; Fractura de fémur; Enclavado intramedular</subfield>
   </datafield>
   <datafield ind2=" " ind1=" " tag="520">
      <subfield code="a">Purpose: To identify factors that contribute to the incidence of postoperative complications following staged treatment of femoral and tibial fractures with external fixation (EF) and intramedullary nailing (IMN).&#xd;
Methods: This retrospective cohort study involved patients with tibial and/or femoral fractures temporarily immobilized using EF, followed by IMN. Patient characteristics, types of injury, treatments, and outcomes were recorded. Primary outcomes were pin tract infection (PTI) and fracture-related infection (FRI).&#xd;
Results: The study had 103 patients involving 119 fractures: 73 tibial (61.3%) and 46 femoral (38.7%). Of these, 44.5% were open. 31.1% of the EFs were implanted by an orthopedic trauma (OT) specialist. In femoral fractures, OT specialists placed the pins a mean 78.2 mm from the fracture site, versus just 37.3 mm by non-OT surgeons (p &lt; 0.01). This difference was not observed in the tibia. The average time of EF was 12.6 ± 7.8 days. PTI occurred in seven cases (5.9%), on average 14.9 ± 10.9 days after EF placement. FRI occurred in nine patients (7.6%): two in the femur (4.5%) and seven in the tibia (10.6%). All FRIs occurred in cases where the EF had been implanted by a surgeon without specialization in OT (p = 0.03). FRI was more frequent in patients with prior PTI than in those without (57.1% vs. 4.5%, respectively; p &lt; 0.01).&#xd;
Conclusion: PTI was a risk factor for FRI after IMN of tibial and femoral fractures. Surgeon specialization in OT was a protective factor against FRI, probably related to pin placement further from the fracture site.</subfield>
   </datafield>
   <datafield ind2=" " ind1=" " tag="520">
      <subfield code="a">Open Access Funding provided by Universitat Autonoma de Barcelona.</subfield>
   </datafield>
   <datafield ind1="8" ind2=" " tag="024">
      <subfield code="a">http://hdl.handle.net/11351/13539</subfield>
   </datafield>
   <datafield tag="653" ind2=" " ind1=" ">
      <subfield code="a">Fèmur - Fractures</subfield>
   </datafield>
   <datafield tag="653" ind2=" " ind1=" ">
      <subfield code="a">Tíbia - Fractures</subfield>
   </datafield>
   <datafield tag="653" ind2=" " ind1=" ">
      <subfield code="a">Osteosíntesi externa</subfield>
   </datafield>
   <datafield tag="653" ind2=" " ind1=" ">
      <subfield code="a">Dispositius de fixació</subfield>
   </datafield>
   <datafield tag="653" ind2=" " ind1=" ">
      <subfield code="a">ANALYTICAL, DIAGNOSTIC AND THERAPEUTIC TECHNIQUES, AND EQUIPMENT::Equipment and Supplies::Surgical Equipment::Orthopedic Equipment::Orthopedic Fixation Devices::External Fixators</subfield>
   </datafield>
   <datafield tag="653" ind2=" " ind1=" ">
      <subfield code="a">DISEASES::Wounds and Injuries::Fractures, Bone::Tibial Fractures</subfield>
   </datafield>
   <datafield tag="653" ind2=" " ind1=" ">
      <subfield code="a">Other subheadings::Other subheadings::Other subheadings::/surgery</subfield>
   </datafield>
   <datafield tag="653" ind2=" " ind1=" ">
      <subfield code="a">ANALYTICAL, DIAGNOSTIC AND THERAPEUTIC TECHNIQUES, AND EQUIPMENT::Surgical Procedures, Operative::Orthopedic Procedures::Fracture Fixation::Fracture Fixation, Internal::Fracture Fixation, Intramedullary</subfield>
   </datafield>
   <datafield tag="653" ind2=" " ind1=" ">
      <subfield code="a">DISEASES::Wounds and Injuries::Fractures, Bone::Femoral Fractures</subfield>
   </datafield>
   <datafield tag="653" ind2=" " ind1=" ">
      <subfield code="a">TÉCNICAS Y EQUIPOS ANALÍTICOS, DIAGNÓSTICOS Y TERAPÉUTICOS::equipos y suministros::equipo quirúrgico::equipos ortopédicos::dispositivos de fijación ortopédica::fijadores externos</subfield>
   </datafield>
   <datafield tag="653" ind2=" " ind1=" ">
      <subfield code="a">ENFERMEDADES::heridas y lesiones::fracturas óseas::fracturas de la tibia</subfield>
   </datafield>
   <datafield tag="653" ind2=" " ind1=" ">
      <subfield code="a">Otros calificadores::Otros calificadores::Otros calificadores::/cirugía</subfield>
   </datafield>
   <datafield tag="653" ind2=" " ind1=" ">
      <subfield code="a">TÉCNICAS Y EQUIPOS ANALÍTICOS, DIAGNÓSTICOS Y TERAPÉUTICOS::intervenciones quirúrgicas::procedimientos ortopédicos::fijación de fractura::fijación interna de fractura::fijación intramedular de fractura</subfield>
   </datafield>
   <datafield tag="653" ind2=" " ind1=" ">
      <subfield code="a">ENFERMEDADES::heridas y lesiones::fracturas óseas::fracturas del fémur</subfield>
   </datafield>
   <datafield ind2="0" ind1="0" tag="245">
      <subfield code="a">External fixation to intramedullary nailing for femoral and tibial fractures: an eleven-year cohort study at a level I trauma center</subfield>
   </datafield>
</record></metadata></record></GetRecord></OAI-PMH>